بد العارف / (Record no. 6754)
[ view plain ]
| 000 -الفاتح | |
|---|---|
| حقل البيانات ثابتة الطول | 00623nac a22001451u 4500 |
| 008 - عناصر البيانات ثابتة الطول - معلومات عامة | |
| حقل البيانات ثابتة الطول | 100810t1978 ua|||||r|||| 001 0dara d |
| 082 ## - رقم تصنيف ديوى العشرى | |
| رقم المادة | س ب ع |
| رقم التصنيف | 189 |
| 100 ## - المدخل الرئيسى - إسم شخصى | |
| الإسم الشخصى | ابن سبعين، |
| 9 (RLIN) | 17392 |
| الشكل الأكمل للاسم | عبد الحق بن ابراهيم بن نصر بن محمد |
| 245 ## - بيان العنوان | |
| العنوان | بد العارف / |
| بيان المسئوليه,etc | ابن سبعين؛ تحقيق وتقديم الدكتور جورج كتوره |
| 260 ## - PUBLICATION, DISTRIBUTION, ETC. (IMPRINT) | |
| مكان الناشر او الموزع | بيروت : |
| اسم الناشر او الموزع | دار الأندلس ، |
| تاريخ النشر أو التوزيع | 1978 |
| 300 ## - الوصف المادى | |
| التعداد | 377ص؛ |
| أبعاد الوعاء | 24سم. |
| 500 ## - تبصرة عامة | |
| تبصرة عامة | يحتوي على كشاف بالأعلام |
| 700 ## - المدخل الاضافى - اسم شخصى | |
| 9 (RLIN) | 17339 |
| الإسم الشخصى | كتوره، جورج |
| الدور | تحقيق و تقديم |
| 942 ## - عناصر المدخل الإضافي( كوها) | |
| Koha [default] item type | Book - Borrowing |
| سابقة رقم الطلب | 189 س ب ع |
| مصدر التصنيف او مخطط الترفيف | Dewey Decimal Classification |
| حالة التراجع | حالة الفقد | مصدر التصنيف او خطة الترفيف | حالة تلف | ليس للاعارة | مجموعات كوها | المكان الدائم | المكان الحالي | موقع الترفيف | تاريخ الاكتساب | Source of acquisition | رقم الاستدعاء | الباركود | Date last seen | نوع الوعاء |
|---|---|---|---|---|---|---|---|---|---|---|---|---|---|---|
| Dewey Decimal Classification | Alef-Baa | Central Library | Central Library | Lower Floor | 10/08/2010 | 189 س ب ع | 000008415 | 15/07/2025 | Book - Borrowing |